La separación de Guipúzcoa y la Paz de Basilea / (Record no. 157168)

MARC details
000 -LEADER
campo de control de longitud fija 00680nam a2200193 i 4500
001 - NÚMERO DE CONTROL
campo de control 157168
003 - IDENTIFICADOR DE NÚMERO DE CONTROL
campo de control ES-MaACL
005 - FECHA Y HORA DE LA ÚLTIMA TRANSACCIÓN
campo de control 20251005063123.0
008 - DATOS DE LONGITUD FIJA--INFORMACIÓN GENERAL
campo de control de longitud fija 990517s1895 sp |||| | spa d
040 ## - FUENTE DE CATALOGACIÓN
Centro catalogador/agencia de origen CCPB | B
Lengua de catalogación spa
Centro/agencia transcriptor CCPB | B
100 1# - ENTRADA PRINCIPAL--NOMBRE DE PERSONA
Nombre de persona Lasala y Collado, Fermín de,
Títulos y otros términos asociados al nombre Duque de Mandas
9 (RLIN) 128714
245 13 - MENCIÓN DEL TÍTULO
Título La separación de Guipúzcoa y la Paz de Basilea /
Mención de responsabilidad, etc. por D. Fermín de Lasala y Collado.
260 ## - PUBLICACIÓN, DISTRIBUCIÓN, ETC.
Lugar de publicación, distribución, etc. Madrid :
Nombre del editor, distribuidor, etc. [s.n.],
Fecha de publicación, distribución, etc. 1895 (
Fabricante Establecimiento Tipográfico de Fortanet)
300 ## - DESCRIPCIÓN FÍSICA
Extensión VIII, 392 p. ;
Dimensiones 27 cm.
597 ## - NOTA DE DESCRIPCIÓN FÍSICA
NOTA DE DESCRIPCIÓN FÍSICA Antep.
651 #4 - PUNTO DE ACCESO ADICIONAL DE MATERIA--NOMBRE GEOGRÁFICO
Nombre geográfico Guipúzcoa-
Subdivisión general Historia.
9 (RLIN) 8813
852 ## - LOCALIZACIÓN
Ubicación ES-MaACL
Número de control de estantería C-418
Nota libre -- Enc. hol.
Holdings
Estatus retirado Estado de pérdida Estado de daño No para préstamo Colección Biblioteca de origen Biblioteca actual Ubicación en estantería Fecha de adquisición Fuente de adquisición Total de préstamos Signatura topográfica completa Código de barras Visto por última vez Precio de reemplazo Tipo de ítem Koha
        Libros del s. XIX Biblioteca del Ateneo de Madrid Biblioteca del Ateneo de Madrid Sala Palomar 17/01/2008     C-418 1164445 23/02/2023 23/02/2023 Libro impreso antiguo